000
00260nam a22001217a 4500
008
180314b xxu||||| |||| 00| 0 eng d
041
_a
eng
080
_a
91
100
_a
43
101
_a
geo
245
_a
regional map of mexico
_c
caso.a
942
_2
udc
_c
BK
999
_c
45060
_d
45060